| 000 | 01664cam a2200385 a 4500 | ||
|---|---|---|---|
| 001 | 14720377 | ||
| 005 | 20170105102931.0 | ||
| 008 | 070201s2003 sz af b 001 0 eng | ||
| 010 | _a 2007366325 | ||
| 020 | _a0333747712 | ||
| 035 | _a(CStRLIN)NJRGA2330656-B | ||
| 040 |
_aNLM _cNLM _dNFP _dDGU _dNjR _dDLC |
||
| 041 | 1 |
_aeng _hfre |
|
| 042 |
_anlmcopyc _alccopycat |
||
| 050 | 0 | 0 |
_aHV568 _b.B8313 2003 |
| 060 | 0 | 0 | _a2004 L-917 |
| 082 | 0 | 0 |
_a362.87/577 _222 _bBUG 2003 |
| 100 | 1 | _aBugnion, François. | |
| 240 | 1 | 0 |
_aComité international de la Croix-Rouge et la protection des victimes de la guerre. _lEnglish |
| 245 | 1 | 4 |
_aThe International Committee of the Red Cross and the protection of war victims / _cFranc̦ois Bugnion ; foreword by Cornelio Sommaruga ; translated from the French by Patricia Colberg, Edward Markee, and Nicolas Sommer. |
| 246 | 3 | 0 | _aProtection of war victims |
| 260 |
_a[Geneva] : _bInternational Committee of the Red Cross ; _aOxford : _bMacmillan Education, _c2003. |
||
| 300 |
_alxviii, 1161 p., [32] p. of plates : _bill. ; _c24 cm. |
||
| 504 | _aIncludes bibliographical references (p. 1071-1120) and indexes. | ||
| 610 | 2 | 0 |
_aInternational Committee of the Red Cross _xHistory. |
| 650 | 0 |
_aWar relief _xHistory. |
|
| 650 | 0 |
_aWar victims _xLegal status, laws, etc. |
|
| 650 | 0 |
_aWar _xRelief of sick and wounded. |
|
| 650 | 0 |
_aWar _xProtection of civilians. |
|
| 710 | 2 | _aInternational Committee of the Red Cross. | |
| 906 |
_a7 _bcbc _ccopycat _d2 _encip _f20 _gy-gencatlg |
||
| 942 |
_2ddc _cBK |
||
| 999 |
_c16037 _d16037 |
||